000 00277nam a22001337a 4500
003 SGT
082 _a150
_bA17S
100 _aSARASON, IRWIN G.
245 _aABNORMAL PSYCHOLOGY
250 _a11TH
260 _aINDIA
_bPERSON
_c2017
300 _a695
942 _2ddc
_cBK
_039
999 _c15084
_d15084